Možné důsledky implementace zákona o sociálních službách perspektivou kritiky modelu New Public Management

Zákon o sociálnych službách v Českej republike a jeho prezentácia prostredníctvom modelu New Public Management (NPM). Hodnotenie dopadov NPM na neziskový sektor poskytujúci sociálne služby.

Saved in:
Bibliographic Details
Main Author: Šimíková, Ivana
Format: Book Chapter
Language:Czech
Subjects:
Tags: Add Tag
No Tags, Be the first to tag this record!

MARC

LEADER 00000naa a2200000 4500
001 0199965
005 20220913093636.4
041 0 |a cze 
044 |a CZ 
245 1 0 |a Možné důsledky implementace zákona o sociálních službách perspektivou kritiky modelu New Public Management  |c Ivana Šimíková 
520 |a Zákon o sociálnych službách v Českej republike a jeho prezentácia prostredníctvom modelu New Public Management (NPM). Hodnotenie dopadov NPM na neziskový sektor poskytujúci sociálne služby. 
610 2 0 |a Česko 
610 2 0 |a služby sociálne 
610 2 0 |a financovanie 
610 2 0 |a modely 
610 2 0 |a kvalita služieb 
610 2 0 |a marketing sociálny 
610 2 0 |a organizácie neziskové 
610 2 0 |a zákony 
100 1 |a Šimíková, Ivana